Carregant...

Dushchakra mein srasta

Dades bibliogràfiques
Autor principal: Viren Dangwal
Format: Printed Book
Publicat: New Delhi: Rajkamal, 2015
LEADER 00405nam a22001337a 4500
008 140827b ii||||| |||| 00| 0 hin d
999 |c 248407  |d 248407 
020 |a 9788126704132 
100 |a Viren Dangwal 
245 |a Dushchakra mein srasta 
260 |a New Delhi:  |b Rajkamal,  |c 2015 
546 |a in Hindi 
942 |c BK 
952 |0 0  |1 0  |4 0  |7 0  |9 275745  |a HIN  |b HIN  |c ST1  |d 2018-01-18  |i 24535  |l 0  |p HIN24535  |r 2018-01-18  |w 2018-01-18  |y BK